000
00216 a2200097 4500
001
41490
100
_a
Hornby, A
245
_a
oxford advanced leanes dictionary of cunrent
260
_a
_b
_c
090
_c
25651
_d
25651
942
_a
NUST-CAE
_c
M
_c
17393
999
_c
276563
_d
276563